000 00408nam a22001577a 4500
003 SGT
020 _a9783030919191
082 _a617.522
_bP22M
100 _aMiloro, Michael
245 _aPeterson's Principles of Oral & Maxilofacial Surgery
250 _a4th
260 _bSpringer
_c2022
300 _aVol.1 : 1-1241 Vol.2 : 1242-2328
650 _aOral & Maxillofacial Surgery
942 _2ddc
_cBK
_02
999 _c26865
_d26865